| 000 | 00556nam a2200229 a 4500 | ||
|---|---|---|---|
| 999 |
_c2949 _d2949 |
||
| 007 | ta | ||
| 008 | 240205t2006 xxk||||g |||| 00| 0 eng d | ||
| 020 |
_a9781847370297 _c£ 12.99 |
||
| 040 |
_aKO _beng |
||
| 041 | 0 | _aeng | |
| 044 | _aii | ||
| 082 | 0 | 4 |
_223 _a155.25 _bB9966 |
| 100 | 1 | _aByrne, Rhonda | |
| 130 | _aThe secret | ||
| 245 | 1 | 0 |
_aThe secret / _cRhonda Byrne |
| 260 |
_aKingsway : _bSimon & schuster, _c2006 |
||
| 300 |
_axv, 198 p. ; _c21 cm. |
||
| 650 | 0 |
_aControl (Psychology) _xFiction |
|
| 904 | _aA_BOSE | ||
| 942 | _cBK | ||